Estudio de pre factibilidad para la instalación de una planta Industrial dedicada a la elaboración de bebidas a basa de aloé vera y linaza en el municipio de Managua en el periodo de 2016-2020
El estudio de pre factibilidad es una bebida a base de linaza y aloe vera, en el municipio de Managua. Determina la capacidad óptima de la planta, localización e ingeniería de proyectos más conveniente para la producción del bien. Indica los aspectos legales necesarios para la instalación de l...
| Main Authors: | , |
|---|---|
| Other Authors: | |
| Format: | Tesis Section = Libro |
| Language: | Undetermined Spanish |
| Published: |
Managua
UNI
2015
|
| Subjects: |
| LEADER | 01301nam a2200277Ia 4500 | ||
|---|---|---|---|
| 008 | 240830s9999 xx 000 0 und d | ||
| 040 | |a BIBLIOTECA-RUPAP Mon 658.11 C348 | ||
| 041 | |a spa | ||
| 082 | |a Mon 658.11 C348 | ||
| 100 | 1 | |a Castellón Cordero, Emilio José | |
| 100 | 1 | |b García Ráudez, Marvin Ernesto | |
| 245 | 1 | 0 | |a Estudio de pre factibilidad para la instalación de una planta Industrial dedicada a la elaboración de bebidas a basa de aloé vera y linaza en el municipio de Managua en el periodo de 2016-2020 |
| 260 | |a Managua |b UNI |c 2015 | ||
| 300 | |a 170 p. :il. | ||
| 500 | |a Contiene: anexos y CD. | ||
| 502 | |a Tesis (Ingeniero Industrial)- UNI, 2015. | ||
| 520 | 3 | |a El estudio de pre factibilidad es una bebida a base de linaza y aloe vera, en el municipio de Managua. Determina la capacidad óptima de la planta, localización e ingeniería de proyectos más conveniente para la producción del bien. Indica los aspectos legales necesarios para la instalación de la planta. | |
| 650 | 7 | |a NUEVOS NEGOCIOS | |
| 650 | 7 | |b ESTUDIO DE FACTIBILIDAD | |
| 650 | 7 | |c DEBIDAS DE ALOE VERA Y LINAZA | |
| 650 | 7 | |d ESTUDIO DE MERCADO | |
| 650 | 7 | |e EVALAUCION ECONOMICA | |
| 700 | 1 | |a Tutor: |b Fuentes Espinoza, Oscar Danilo | |
| 942 | |c BK |2 ddc | ||
| 991 | |a TESIS | ||
| 999 | |c 16871 | ||